| 000 | 00000nas 2200000za 4500 |
| 001 | 9.507116 |
| 003 | CaOODSP |
| 005 | 20241203113633 |
| 007 | cr ||||||||||| |
| 008 | 150406c1990||||xxc|| m o||||f| |0eng|d |
| 040 | |aCaOODSP|beng |
| 043 | |an-cn--- |
| 086 | 1 |aEn1-11E-PDF |
| 110 | 1 |aCanada. |bEnvironment Canada. |
| 245 | 10|aState of the environment report |h[electronic resource] |
| 246 | 3 |aSOE report |
| 260 | |aOttawa - Ontario : |bEnvironment Canada |
| 500 | |aCanadian cataloguing in publication data printed in these publications. |
| 775 | 08|tRapport sur l'état de l'environnement |w(CaOODSP)9.503509 |
| 776 | 0#|tState of the environment report |w(CaOODSP)9.514530 |